Kostenrechnung und Kalkulation

Na minha lista:
Detalhes bibliográficos
Autor principal: Lang, Helmut
Outros Autores: Torspecken, Hans-Dieter
Formato: Livro
Idioma:alemão
Publicado em: Wiesbaden Gabler 1991
Edição:1. Aufl.
Assuntos:
Tags: Adicionar Tag
Sem tags, seja o primeiro a adicionar uma tag!

MARC

LEADER 00000nam a2200000 4500
001 c000198
005 20221214102126.1
020 |a 3-409-13969-9 
041 0 |a ger 
044 |a DE 
245 1 0 |a Kostenrechnung und Kalkulation  |c Helmut Lang, Hans-Dieter Torspecken 
250 |a 1. Aufl. 
264 1 |a Wiesbaden  |b Gabler  |c 1991 
300 |a 150 s. 
610 2 0 |a kalkulácia 
610 2 0 |a rozpočtovníctvo 
610 2 0 |a účtovníctvo 
610 2 0 |a účtovníctvo prevádzkové 
610 2 0 |a účty pasív 
610 2 0 |a účty kalkulačné 
610 2 0 |a náklady 
610 2 0 |a politika cenová 
610 2 0 |a náklady fixné 
610 2 0 |a náklady variabilné 
610 2 0 |a účtovníctvo základné 
100 1 |a Lang, Helmut 
700 1 |a Torspecken, Hans-Dieter